|
|
|
|
| LEADER |
01438cam a2200373 7i4500 |
| 001 |
0000025493 |
| 005 |
20200203090000.0 |
| 008 |
200203t20002000xxua ### #00001eng## |
| 020 |
# |
# |
|a 97808720702800
|
| 020 |
# |
# |
|a 0872072800
|
| 040 |
# |
# |
|a UMT
|
| 090 |
0 |
0 |
|a LB 1573
|b .D4 2000
|
| 245 |
0 |
0 |
|a Developing reading-writing connections :
|b strategies from the reading teacher
|c editors Timothy V. Rasinski, Nancy D. Padak, Brenda Weible Church, Gay Fawcett, Judith Hendershot, Justina M. Henry, Barbara G. Moss, Jacqueline K. Peck, Elizabeth (Betsy) PryoKathleen A. Roskos.
|
| 264 |
# |
1 |
|a Delaware, USA:
|b International Reading Association,
|c [2000].
|
| 264 |
# |
4 |
|c ♭2000.
|
| 300 |
# |
# |
|a ix, 187 pages:
|b illustrations;
|c 23 cm.
|
| 336 |
# |
# |
|a text
|2 rdacontent
|
| 337 |
# |
# |
|a unmediated
|2 rdamedia
|
| 338 |
# |
# |
|a volume
|2 rdacarrier
|
| 504 |
# |
# |
|a Includes bibliographical references
|
| 650 |
0 |
0 |
|a Reading (Elementary)
|
| 650 |
0 |
0 |
|a Language arts (Elementary)
|
| 650 |
0 |
0 |
|a Children's literature --
|x Study and teaching (elementary)
|
| 700 |
1 |
# |
|a Church, Brenda Weible
|
| 700 |
1 |
# |
|a Fawcett, Gay
|
| 700 |
1 |
# |
|a Rasinski, Timothy V.
|
| 700 |
1 |
# |
|a Pryor, Elizabeth (Betsy)
|
| 700 |
1 |
# |
|a Peck, Jacqueline K.
|
| 700 |
1 |
# |
|a Roskos, Kathleen A.
|
| 700 |
1 |
# |
|a Padak, Nancy D.
|
| 700 |
1 |
# |
|a Moss, Barbara G.
|
| 700 |
1 |
# |
|a Henry, Justina M.
|
| 700 |
1 |
# |
|a Hendershot, Judith
|
| 999 |
|
|
|a 1100010291
|b Book
|c Open Shelf
|e KOLEKSI TERBUKA
|